000 00428nam a22001817a 4500
003 koha_MIRAKIL
005 20231213095619.0
008 231213b |||||||| |||| 00| 0 ||| d
020 _b978-9-75323419-1
040 _aTR-IsEVY
_btur
_cTR-IsEVY
082 _a800 KUM/T
100 _aKUMMRULUOĞLU, ZEYNEP.
245 0 _aTIGER.
260 _bDoğan Egmont,
_c2000
300 _a80.
650 _aEdebiyat.
942 _2ddc
_cBK
999 _c6565
_d6565